Distributed and cloud computing : (Record no. 22834)
[ view plain ]
| 000 -LEADER | |
|---|---|
| fixed length control field | 00944nam a22002655a 4500 |
| 005 - DATE AND TIME OF LATEST TRANSACTION | |
| control field | 20161024145815.0 |
| 008 - FIXED-LENGTH DATA ELEMENTS--GENERAL INFORMATION | |
| fixed length control field | 161024r20142012ii a frb 001 0 eng d |
| 020 ## - INTERNATIONAL STANDARD BOOK NUMBER | |
| International Standard Book Number | 9789381269237 |
| 040 ## - CATALOGING SOURCE | |
| Original cataloging agency | EG-ScBUE |
| Language of cataloging | eng |
| Transcribing agency | EG-ScBUE |
| Modifying agency | EG-ScBUE |
| 082 04 - DEWEY DECIMAL CLASSIFICATION NUMBER | |
| Edition number | 22 |
| Classification number | 006.78 |
| Item number | HWA |
| 100 1# - MAIN ENTRY--PERSONAL NAME | |
| Personal name | Hwang, Kai. |
| 245 10 - TITLE STATEMENT | |
| Title | Distributed and cloud computing : |
| Remainder of title | from parallel processing to the Internet of things / |
| Statement of responsibility, etc | Kai Hwang, Geoffrey C. Fox, Jack J. Dongarra |
| 250 ## - EDITION STATEMENT | |
| Edition statement | Reprint ed. |
| 260 ## - PUBLICATION, DISTRIBUTION, ETC. (IMPRINT) | |
| Place of publication, distribution, etc | New Delhi : |
| Name of publisher, distributor, etc | Morgan Kaufmann / Elsevier, |
| Date of publication, distribution, etc | 2014. |
| 300 ## - PHYSICAL DESCRIPTION | |
| Extent | xxii, 648 p. : |
| Other physical details | ill. ; |
| Dimensions | 24 cm. |
| 500 ## - GENERAL NOTE | |
| General note | Reprinted of 2012 ed. |
| 500 ## - GENERAL NOTE | |
| General note | Index : p. 623-648. |
| 504 ## - BIBLIOGRAPHY, ETC. NOTE | |
| Bibliography, etc | Includes bibliographical references. |
| 650 #7 - SUBJECT ADDED ENTRY--TOPICAL TERM | |
| Source of heading or term | BUEsh |
| 9 (RLIN) | 37309 |
| Topical term or geographic name as entry element | Cloud computing. |
| 650 #7 - SUBJECT ADDED ENTRY--TOPICAL TERM | |
| 9 (RLIN) | 4260 |
| Topical term or geographic name as entry element | Electronic data processing |
| General subdivision | Distributed processing. |
| Source of heading or term | BUEsh |
| 653 ## - INDEX TERM--UNCONTROLLED | |
| Resource For college | Informatics and Computer Science |
| Arrived date list | October2016 |
| 700 ## - ADDED ENTRY--PERSONAL NAME | |
| Personal name | Fox, Geoffrey C. |
| 700 ## - ADDED ENTRY--PERSONAL NAME | |
| Personal name | Dongarra, Jack J. |
| 942 ## - ADDED ENTRY ELEMENTS (KOHA) | |
| Source of classification or shelving scheme | Dewey Decimal Classification |
| Withdrawn status | Item status | Source of classification or shelving scheme | Damaged status | Not for loan | Vendor | Home library | Current library | Shelving location | Date acquired | Source of acquisition | Cost, normal purchase price | Serial Enumeration / chronology | Total Checkouts | Total Renewals | Full call number | Barcode | Date last seen | Date last borrowed | Cost, replacement price | Koha item type |
|---|---|---|---|---|---|---|---|---|---|---|---|---|---|---|---|---|---|---|---|---|
| Dewey Decimal Classification | Academic Bookshop | Central Library | Central Library | Lower Floor | 24/10/2016 | Purchase | 165.00 | 9128 | 1 | 20 | 006.78 HWA | 000034221 | 15/07/2025 | 02/03/2022 | 206.25 | Book - Borrowing |